[Event "CYCC U12"]
[Site "Quebec CAN"]
[Date "2018.07.03"]
[Round "4.65"]
[White "Rusonik, Max"]
[Black "Adam, Rafael"]
[Result "1-0"]
[WhiteElo "1999"]
[BlackElo "1270"]
[PlyCount "97"]
[EventDate "2018.07.02"]
[EventType "swiss"]
[EventRounds "7"]
[EventCountry "CAN"]

1. e4 c6 2. d4 d5 3. e5 Bf5 4. h4 h6 5. g4 Be4 6. f3 Bh7 7. e6 fxe6 8. Bd3 Bxd3
9. Qxd3 Kd7 10. Nh3 Na6 11. Nf4 Qe8 12. Bd2 Nf6 13. Na3 Nc7 14. O-O-O Rb8 15.
g5 hxg5 16. hxg5 Rxh1 17. Rxh1 Ng8 18. Rh8 Qf7 19. g6 Qf6 20. Rxg8 Qh4 21. Qf1
Rd8 22. c3 e5 23. dxe5 e6 24. Nc2 c5 25. Ne1 a6 26. Ned3 Na8 27. Qh3 Qxh3 28.
Nxh3 c4 29. Ndf4 b5 30. Ng5 Nc7 31. Be3 Re8 32. Bb6 Na8 33. Ba5 Bc5 34. Rxe8
Kxe8 35. Ngxe6 Be3+ 36. Kd1 Bxf4 37. Nxf4 Ke7 38. Ke2 Kd7 39. Ke3 Nc7 40. Bxc7
Kxc7 41. Ne6+ Kd7 42. Nxg7 Ke7 43. Kd4 a5 44. Kxd5 a4 45. Nf5+ Kf8 46. e6 b4
47. e7+ Ke8 48. Ke6 a3 49. Ng7# 1-0

[Event "CYCC U12"]
[Site "Quebec CAN"]
[Date "2018.07.03"]
[Round "4.66"]
[White "Kang, Dorian"]
[Black "Jeyakumar, Bhavatharshan"]
[Result "1/2-1/2"]
[WhiteElo "2098"]
[BlackElo "1509"]
[PlyCount "113"]
[EventDate "2018.07.02"]
[EventType "swiss"]
[EventRounds "7"]
[EventCountry "CAN"]

1. c4 Nf6 2. Nc3 e5 3. Nf3 Nc6 4. e3 d5 5. cxd5 Nxd5 6. Qc2 Be6 7. a3 a6 8. d3
Be7 9. Be2 O-O 10. b4 Nxc3 11. Qxc3 Bf6 12. e4 Bg4 13. Be3 Bxf3 14. Bxf3 Nd4
15. Bxd4 exd4 16. Qc4 c6 17. O-O Qb6 18. Bd1 a5 19. Rb1 axb4 20. Rxb4 Qa6 21.
Qxa6 Rxa6 22. a4 b6 23. Bc2 c5 24. Rb5 Rb8 25. Rfb1 Be5 26. g3 f6 27. f4 Bc7
28. Re1 Re8 29. Kf2 h6 30. Ke2 Raa8 31. Kd2 g5 32. Rf1 Kg7 33. Bb3 Ra5 34. Rxa5
bxa5 35. e5 gxf4 36. exf6+ Kxf6 37. gxf4 Kf5 38. Bd5 Bxf4+ 39. Kd1 Rb8 40. Be4+
Ke5 41. Kc2 c4 42. Bc6 c3 43. Bb5 Rg8 44. Re1+ Be3 45. Bc6 Rg6 46. Be4 Rb6 47.
Rb1 Rxb1 48. Kxb1 Kf4 49. h3 Kg3 50. Bf5 Kf2 51. Kc2 Kg3 52. Bd7 Kf4 53. Be6
Ke5 54. Bd7 Kd6 55. Be8 Kc5 56. Bd7 Kb4 57. Bb5 1/2-1/2

[Event "CYCC U12"]
[Site "Quebec CAN"]
[Date "2018.07.03"]
[Round "4.67"]
[White "Xie, Austin"]
[Black "Gu, Chuyang"]
[Result "1/2-1/2"]
[WhiteElo "1494"]
[BlackElo "1911"]
[PlyCount "83"]
[EventDate "2018.07.02"]
[EventType "swiss"]
[EventRounds "7"]
[EventCountry "CAN"]

1. e4 c5 2. Nc3 Nc6 3. f4 g6 4. Nf3 Bg7 5. g3 e6 6. Bg2 Nge7 7. d3 d5 8. O-O
Nd4 9. Kh1 O-O 10. Nxd4 cxd4 11. Ne2 Qb6 12. e5 Bd7 13. b3 Rac8 14. Bb2 Nf5 15.
Qd2 Qc7 16. Rfc1 f6 17. Nxd4 fxe5 18. Nxf5 Rxf5 19. fxe5 Bxe5 20. Bxe5 Qxe5 21.
d4 Qd6 22. Rf1 Rcf8 23. Rxf5 Rxf5 24. Rf1 Rxf1+ 25. Bxf1 b6 26. Qf4 Qxf4 27.
gxf4 Kf7 28. Kg2 Kf6 29. Kf3 g5 30. Bd3 h6 31. c3 Be8 32. Kg3 b5 33. fxg5+ Kxg5
34. h4+ Kf6 35. Kf4 a6 36. b4 Bh5 37. a3 Bd1 38. Bb1 Be2 39. Bc2 Bf1 40. Bb1
Bh3 41. Bc2 Bf5 42. Bd1 1/2-1/2

[Event "CYCC U12"]
[Site "Quebec CAN"]
[Date "2018.07.03"]
[Round "4.68"]
[White "Liu, Henry"]
[Black "Guipi Bopala, Prince Eric jr"]
[Result "0-1"]
[WhiteElo "1545"]
[BlackElo "1829"]
[PlyCount "222"]
[EventDate "2018.07.02"]
[EventType "swiss"]
[EventRounds "7"]
[EventCountry "CAN"]

1. c4 e6 2. g3 d5 3. cxd5 exd5 4. Nf3 Nf6 5. Bg2 Be7 6. O-O O-O 7. d4 c6 8. Nc3
Be6 9. Qb3 Qb6 10. Qxb6 axb6 11. Bf4 Nbd7 12. Ne5 Nxe5 13. Bxe5 Nd7 14. Bf4 Bf6
15. Rfd1 Rfe8 16. e4 dxe4 17. Bxe4 Bxa2 18. Bxc6 bxc6 19. Nxa2 Ra4 20. Nc3 Rxa1
21. Rxa1 Bxd4 22. Rd1 Bxc3 23. bxc3 Nf6 24. c4 h6 25. Rb1 Re4 26. Rxb6 Rxc4 27.
Rb8+ Kh7 28. Rc8 Kg6 29. Kg2 Kf5 30. Kf3 Rc3+ 31. Ke2 Rc2+ 32. Kf3 Ng4 33. Be3
Nxe3 34. Kxe3 c5 35. Rc7 Ke6 36. h4 Rc3+ 37. Kd2 Rc4 38. Kd3 Rd4+ 39. Kc3 Rd5
40. f4 Rd1 41. Kc2 Rg1 42. Rxc5 Rxg3 43. Kd2 Rg4 44. Ke3 Rxh4 45. Kf3 h5 46.
Kg3 Rg4+ 47. Kf3 g6 48. Rc6+ Kf5 49. Rc5+ Kf6 50. Rc6+ Kg7 51. Rc5 f5 52. Rc7+
Kf6 53. Rc6+ Ke7 54. Rc7+ Kd6 55. Rh7 Kd5 56. Rh6 Kd4 57. Rh8 Kc3 58. Re8 Kd2
59. Re2+ Kd1 60. Ra2 h4 61. Ra1+ Kc2 62. Rh1 Kd2 63. Ra1 Rg3+ 64. Kf2 Kd3 65.
Ra3+ Ke4 66. Ra4+ Kd5 67. Ra5+ Ke6 68. Ra8 Kf7 69. Rd8 Rg4 70. Kf3 Kg7 71. Ra8
Rg3+ 72. Kf2 Rc3 73. Rb8 Rc2+ 74. Kf3 h3 75. Kg3 h2 76. Rb1 Kf7 77. Rb7+ Ke6
78. Rb6+ Kd5 79. Rb1 Ke4 80. Rb4+ Ke3 81. Rb3+ Kd4 82. Rb1 Rd2 83. Re1 Kd3 84.
Rc1 Ke3 85. Re1+ Kd3 86. Rc1 Re2 87. Rd1+ Ke4 88. Rf1 h1=Q 89. Rxh1 Re3+ 90.
Kf2 Rf3+ 91. Kg2 Rxf4 92. Re1+ Kd5 93. Kg3 Re4 94. Ra1 Ke5 95. Ra5+ Kf6 96.
Ra6+ Kg5 97. Kf3 Rb4 98. Ra3 Kh5 99. Ra8 g5 100. Rh8+ Kg6 101. Rg8+ Kh6 102.
Rf8 Rb3+ 103. Kg2 f4 104. Rf5 Kh5 105. Rf8 Kg4 106. Rf7 Rb2+ 107. Kg1 Kg3 108.
Kf1 f3 109. Re7 Rb1+ 110. Re1 Rxe1+ 111. Kxe1 Kg2 0-1

[Event "CYCC U12"]
[Site "Quebec CAN"]
[Date "2018.07.03"]
[Round "4.69"]
[White "Lin, Felix"]
[Black "Gao, Raymond"]
[Result "0-1"]
[WhiteElo "1470"]
[BlackElo "1762"]
[PlyCount "146"]
[EventDate "2018.07.02"]
[EventType "swiss"]
[EventRounds "7"]
[EventCountry "CAN"]

1. Nf3 Nf6 2. c4 e6 3. d4 b6 4. Nc3 Bb4 5. e3 Bb7 6. Bd3 Bxc3+ 7. bxc3 d6 8.
O-O Nbd7 9. Bb2 Ne4 10. Qc2 f5 11. Nd2 Nxd2 12. Qxd2 Qf6 13. d5 e5 14. e4 f4
15. Be2 g5 16. Bg4 O-O-O 17. a4 a5 18. Qe2 Kb8 19. Rab1 h5 20. Bf5 Nc5 21. Qc2
Ba6 22. Ba3 Bxc4 23. Bxc5 Bxf1 24. Kxf1 dxc5 25. Qb3 Ka7 26. Qb5 g4 27. Bd7 f3
28. g3 h4 29. Bxg4 hxg3 30. h3 g2+ 31. Kg1 Qf4 32. Qc6 Rb8 33. Qg6 Rbg8 34. Qc6
Rb8 35. Qg6 Rh6 36. Qg7 Qxe4 37. Rd1 Rg6 38. Qf7 Qxa4 39. Bxf3 Qe8 40. Qxe8
Rxe8 41. Bh5 Reg8 42. Bxg6 Rxg6 43. Re1 Rg5 44. c4 Ka6 45. Ra1 Kb7 46. Rd1 Ka6
47. Ra1 b5 48. cxb5+ Kxb5 49. Rb1+ Ka6 50. Rb2 e4 51. Re2 Rxd5 52. Rxe4 Rg5 53.
h4 Rg8 54. h5 Kb5 55. h6 c4 56. Re5+ Kb4 57. f4 c3 58. f5 c2 59. Re1 Kc3 60. f6
Kd2 61. Ra1 c1=Q+ 62. Rxc1 Kxc1 63. f7 Rf8 64. h7 a4 65. Kxg2 a3 66. Kg3 a2 67.
h8=Q Rxh8 68. f8=Q Rxf8 69. Kg4 a1=R 70. Kg3 Ra6 71. Kg4 Rg6+ 72. Kh5 Rg1 73.
Kh6 Rh8# 0-1

[Event "CYCC U12"]
[Site "Quebec CAN"]
[Date "2018.07.03"]
[Round "4.70"]
[White "Joseph Benher, Savio"]
[Black "Gao, William"]
[Result "1/2-1/2"]
[WhiteElo "1746"]
[BlackElo "1465"]
[PlyCount "177"]
[EventDate "2018.07.02"]
[EventType "swiss"]
[EventRounds "7"]
[EventCountry "CAN"]

1. e4 c5 2. Nf3 d6 3. d4 cxd4 4. Qxd4 Nc6 5. Bb5 Bd7 6. Bxc6 bxc6 7. O-O e5 8.
Qd3 h6 9. Rd1 Nf6 10. b3 Qc7 11. Na3 d5 12. exd5 cxd5 13. Qe2 Bd6 14. Nb5 Bxb5
15. Qxb5+ Qd7 16. Qxd7+ Kxd7 17. Bb2 Rhe8 18. c4 d4 19. Nh4 g6 20. f4 Kc6 21.
fxe5 Rxe5 22. Nf3 Re4 23. Nxd4+ Kb6 24. Nb5 Bc5+ 25. Bd4 Ng4 26. Bxc5+ Kxc5 27.
Nc3 Re5 28. Rd5+ Kb4 29. Rxe5 Nxe5 30. Nd5+ Ka3 31. Nc7 Rd8 32. Nb5+ Kb2 33.
Re1 Nc6 34. Re2+ Kc1 35. Nc3 Rd2 36. Re8 Kb2 37. Nb5 Kxa2 38. Rc8 Ne5 39. Nxa7
Kxb3 40. c5 Kb4 41. c6 Kc5 42. c7 Kb6 43. Re8 Ng4 44. c8=N+ Kb7 45. Re7+ Ka6
46. Re1 f5 47. h3 Nf2 48. Re6+ Ka5 49. Rxg6 f4 50. Rxh6 Ne4 51. Rh4 Ng3 52. Kh2
Nf1+ 53. Kg1 Ng3 54. Nc6+ Kb5 55. Nd4+ Rxd4 56. Kf2 Ne4+ 57. Ke2 f3+ 58. Kxf3
Nd2+ 59. Kg3 Nf1+ 60. Kf2 Rxh4 61. Kxf1 Kc6 62. Ne7+ Kd7 63. Ng6 Ra4 64. g3 Ke6
65. Nf4+ Kf5 66. Kf2 Ke4 67. Ne2 Ra3 68. h4 Kf5 69. Kg2 Kg4 70. Kf2 Rf3+ 71.
Kg2 Ra3 72. Kf2 Rb3 73. Kg2 Rb2 74. Kf2 Ra2 75. Ke3 Ra3+ 76. Kf2 Kh3 77. Nf4+
Kg4 78. Ne2 Kh3 79. Nf4+ Kh2 80. g4 Rg3 81. g5 Rg4 82. Ng6 Rg3 83. Ne7 Kh3 84.
Nf5 Ra3 85. g6 Kg4 86. g7 Ra8 87. g8=Q+ Rxg8 88. Nh6+ Kxh4 89. Nxg8 1/2-1/2

[Event "CYCC U12"]
[Site "Quebec CAN"]
[Date "2018.07.03"]
[Round "4.71"]
[White "Zhu, Matthew"]
[Black "Moisan, Pier-Philippe"]
[Result "1-0"]
[WhiteElo "1668"]
[BlackElo "1332"]
[PlyCount "57"]
[EventDate "2018.07.02"]
[EventType "swiss"]
[EventRounds "7"]
[EventCountry "CAN"]

1. e4 e5 2. Nf3 d6 3. d4 Nc6 4. Bb5 Bd7 5. O-O Qe7 6. Nc3 Nf6 7. Bg5 a6 8. Nd5
Qd8 9. Bxc6 Bxc6 10. dxe5 h6 11. Nxf6+ gxf6 12. Bxf6 Qd7 13. Bxh8 O-O-O 14. Re1
Be7 15. exd6 cxd6 16. Bc3 Rg8 17. Re3 Bg5 18. Nxg5 Rxg5 19. Rg3 Qe7 20. Rxg5
Qxg5 21. Qf3 d5 22. Qf5+ Qxf5 23. exf5 Kd7 24. Re1 Kd6 25. Bb4+ Kc7 26. Re7+
Kb6 27. Rxf7 a5 28. Bd2 Kc5 29. Bxh6 1-0

[Event "CYCC U12"]
[Site "Quebec CAN"]
[Date "2018.07.03"]
[Round "4.72"]
[White "Srinivas, Atharva"]
[Black "Chen, Derek"]
[Result "1-0"]
[WhiteElo "1567"]
[BlackElo "1286"]
[PlyCount "135"]
[EventDate "2018.07.02"]
[EventType "swiss"]
[EventRounds "7"]
[EventCountry "CAN"]

1. e4 c5 2. Nc3 e6 3. f4 Nc6 4. Bb5 a6 5. Bxc6 bxc6 6. Nf3 d5 7. d3 Be7 8. O-O
Nf6 9. a3 O-O 10. Qe1 Re8 11. h3 h6 12. Qf2 Qc7 13. g4 Nd7 14. f5 Rf8 15. h4 c4
16. Kg2 cxd3 17. cxd3 Nc5 18. Qe3 Nb3 19. Rb1 d4 20. Nxd4 Bc5 21. Nce2 e5 22.
Qg3 Bxd4 23. Nxd4 Nxd4 24. f6 Ne2 25. Qf2 Nxc1 26. fxg7 Rd8 27. Rbxc1 Qd7 28.
Kh2 Bb7 29. Qf6 Qe6 30. g5 Qxf6 31. gxf6 Rxd3 32. Rcd1 Rad8 33. Rxd3 Rxd3 34.
Kg2 c5 35. Re1 Rd2+ 36. Kf3 Rxb2 37. Rd1 Bxe4+ 38. Kxe4 Rb8 39. Rc1 Rc8 40.
Kxe5 Re8+ 41. Kd5 Rd8+ 42. Kc6 Re8 43. Kd5 Re6 44. Rf1 Re8 45. Rb1 h5 46. Kxc5
Kh7 47. Rd1 Rg8 48. Rg1 Rc8+ 49. Kd6 Kg8 50. Kd7 Rb8 51. Rc1 Rb7+ 52. Rc7 Rb8
53. Rc8+ Rxc8 54. Kxc8 a5 55. a4 Kh7 56. Kb7 Kg8 57. Kb6 Kh7 58. Kxa5 Kg8 59.
Kb6 Kh7 60. a5 Kh6 61. a6 Kh7 62. a7 Kh6 63. g8=R Kh7 64. Rg5 Kh6 65. a8=Q Kh7
66. Qg8+ Kh6 67. Rxh5+ Kxh5 68. Qg5# 1-0

[Event "CYCC U12"]
[Site "Quebec CAN"]
[Date "2018.07.03"]
[Round "4.73"]
[White "Mugunthan, Vaamanan"]
[Black "Imoo, Joshua"]
[Result "1/2-1/2"]
[WhiteElo "1418"]
[BlackElo "1562"]
[PlyCount "104"]
[EventDate "2018.07.02"]
[EventType "swiss"]
[EventRounds "7"]
[EventCountry "CAN"]

1. e4 e5 2. Nf3 Nf6 3. Nxe5 d6 4. Nf3 Nxe4 5. d3 Nf6 6. d4 d5 7. Be2 Bd6 8. O-O
O-O 9. Nc3 c6 10. Be3 Re8 11. h3 Nbd7 12. Qd2 Ne4 13. Nxe4 Rxe4 14. Bd3 Re8 15.
Rae1 Nf6 16. a3 Ne4 17. Qd1 Bf5 18. Nd2 Qd7 19. Qf3 Nxd2 20. Bxd2 Bxd3 21. Qxd3
Rxe1 22. Rxe1 Re8 23. Re3 Rxe3 24. Qxe3 Qe6 25. Kf1 Qxe3 26. Bxe3 f6 27. Ke2
Kf7 28. Kf3 f5 29. Bf4 Be7 30. Bb8 a6 31. Be5 g6 32. a4 b5 33. b3 Ke6 34. Ke3
c5 35. axb5 axb5 36. Bh8 c4 37. Be5 Bg5+ 38. Bf4 Kf6 39. g3 Bxf4+ 40. gxf4 cxb3
41. cxb3 Kg7 42. b4 Kh6 43. Kf3 Kh5 44. Kg3 g5 45. fxg5 Kxg5 46. h4+ Kg6 47.
Kf4 Kf6 48. f3 h6 49. Kg3 Kg6 50. Kf4 Kf6 51. Ke3 Ke6 52. Kf4 Kf6 1/2-1/2

[Event "CYCC U12"]
[Site "Quebec CAN"]
[Date "2018.07.03"]
[Round "4.74"]
[White "Jiang, David"]
[Black "Zhang, Henry X"]
[Result "1-0"]
[WhiteElo "1029"]
[BlackElo "1551"]
[PlyCount "149"]
[EventDate "2018.07.02"]
[EventType "swiss"]
[EventRounds "7"]
[EventCountry "CAN"]

1. d4 Nf6 2. c4 g6 3. Nc3 Bg7 4. e4 d6 5. Nf3 O-O 6. Be2 e5 7. O-O Nc6 8. d5
Ne7 9. b4 Ne8 10. c5 f5 11. Ba3 Nf6 12. Bd3 f4 13. Ng5 h6 14. Ne6 Bxe6 15. dxe6
g5 16. h3 Qe8 17. cxd6 cxd6 18. Nb5 Rd8 19. Nxa7 h5 20. f3 Qg6 21. Be2 d5 22.
exd5 Nexd5 23. Qb1 e4 24. Bc4 Rfe8 25. Qb3 Rxe6 26. Rad1 Red6 27. Nb5 R6d7 28.
Nc3 e3 29. Nxd5 Nxd5 30. Rxd5 Kh8 31. Rxd7 Rxd7 32. Bb2 Re7 33. Bxg7+ Qxg7 34.
Re1 Qd4 35. Qd3 Qb6 36. Kf1 Re8 37. Ke2 Qf6 38. Rc1 Rd8 39. Qc3 Rd2+ 40. Kf1
Qxc3 41. Rxc3 Rd1+ 42. Ke2 Rd2+ 43. Ke1 Rxg2 44. Be6 Rf2 45. Bd5 Rh2 46. Bxb7
Rxa2 47. b5 Rb2 48. Rc5 Rg2 49. b6 Rb2 50. Rxg5 Rxb6 51. Rxh5+ Kg7 52. Be4 Rh6
53. Rg5+ Kf6 54. Rf5+ Ke6 55. Rxf4 Ke5 56. Rf5+ Ke6 57. Ke2 Rxh3 58. Kxe3 Rh1
59. Re5+ Kf6 60. f4 Rh3+ 61. Kd4 Rh4 62. Rf5+ Ke6 63. Re5+ Kf6 64. f5 Rf4 65.
Re6+ Kf7 66. Ke5 Rf1 67. f6 Re1 68. Re7+ Kf8 69. Ra7 Re2 70. f7 Rf2 71. Bf5 Rg2
72. Be6 Rf2 73. Ra8+ Kg7 74. Rg8+ Kh7 75. Bf5+ 1-0

[Event "CYCC U12"]
[Site "Quebec CAN"]
[Date "2018.07.03"]
[Round "4.75"]
[White "Yim, Justin"]
[Black "Ivanescu, Mark"]
[Result "0-1"]
[WhiteElo "857"]
[BlackElo "1962"]
[PlyCount "114"]
[EventDate "2018.07.02"]
[EventType "swiss"]
[EventRounds "7"]
[EventCountry "CAN"]

1. e4 c5 2. Nf3 g6 3. d4 cxd4 4. Nxd4 Nc6 5. Nxc6 bxc6 6. Bd3 Bg7 7. Nc3 d6 8.
Be3 Nf6 9. O-O O-O 10. Bf4 Rb8 11. Rb1 e5 12. Bg5 Be6 13. Bxf6 Qxf6 14. Qd2 Qe7
15. f4 exf4 16. Rxf4 Bh6 17. Rxf7 Qxf7 18. Qxh6 Qf2+ 19. Kh1 Rxb2 20. Qc1 Rxb1
21. Qxb1 Qb6 22. Qxb6 axb6 23. Kg1 Ra8 24. a4 Kg7 25. Kf2 Bd7 26. Ke3 c5 27.
Bb5 Bxb5 28. axb5 Ra1 29. Nd5 Rg1 30. Kf2 Rc1 31. Nxb6 Rxc2+ 32. Kf3 Rb2 33.
Nc8 Rxb5 34. Nxd6 Rb3+ 35. Kf4 Kf6 36. e5+ Ke6 37. Ne4 Rb4 38. g4 Rd4 39. Ke3
Kxe5 40. Nxc5 Rxg4 41. Nd3+ Kf5 42. Kf3 Ra4 43. Nb2 Ra3+ 44. Ke2 Ra2 45. Kd2
Rxb2+ 46. Kc3 Rxh2 47. Kc4 Rd2 48. Kc5 h5 49. Kc4 h4 50. Kc3 Rd8 51. Kc4 h3 52.
Kc5 h2 53. Kc6 h1=Q+ 54. Kc7 Qd5 55. Kb6 Rb8+ 56. Ka6 Qb5+ 57. Ka7 Qb7# 0-1

[Event "CYCC U12"]
[Site "Quebec CAN"]
[Date "2018.07.03"]
[Round "4.76"]
[White "Ran, Charles"]
[Black "Cheng, Adrien"]
[Result "1-0"]
[WhiteElo "1741"]
[BlackElo "943"]
[PlyCount "141"]
[EventDate "2018.07.02"]
[EventType "swiss"]
[EventRounds "7"]
[EventCountry "CAN"]

1. e4 e5 2. Nf3 Nc6 3. Bc4 Bc5 4. c3 Nf6 5. d3 d6 6. a4 Be6 7. Bxe6 fxe6 8. b4
Nxb4 9. cxb4 Bxb4+ 10. Bd2 Bc5 11. Qb3 Qc8 12. Ng5 Ke7 13. O-O h6 14. Nf3 g5
15. Qc4 Qg8 16. Nxe5 dxe5 17. Qxc5+ Kd8 18. Qxe5 Nd7 19. Qc3 g4 20. Rc1 c6 21.
Qb2 Rb8 22. Bc3 Rh7 23. Bf6+ Kc8 24. Nd2 h5 25. Nc4 Qf8 26. Be5 Nxe5 27. Qxe5
Qe7 28. Nd6+ Kd7 29. Nf5 Qf8 30. Nh4 Re8 31. Qc5 Qf6 32. g3 Rc8 33. e5 Qf7 34.
Rab1 b6 35. Qd6+ Ke8 36. Rxc6 Rxc6 37. Qxc6+ Kf8 38. Rc1 Qd7 39. Qc8+ Qxc8 40.
Rxc8+ Kg7 41. Rc7+ Kg8 42. Rxh7 Kxh7 43. Ng2 Kg6 44. Nf4+ Kf5 45. Nxh5 Kxe5 46.
Nf4 a6 47. h3 gxh3 48. Nxh3 b5 49. axb5 axb5 50. Kf1 b4 51. Ke1 Kd4 52. Kd2 b3
53. g4 b2 54. Kc2 b1=Q+ 55. Kxb1 Kxd3 56. g5 Kd4 57. g6 Ke5 58. g7 Kf6 59. g8=Q
e5 60. Qf8+ Ke6 61. Ng5+ Kd5 62. Qd8+ Kc6 63. Kc2 e4 64. Qd4 e3 65. fxe3 Kb5
66. Qd6 Kc4 67. Qc6+ Kb4 68. Kd3 Kb3 69. Qb6+ Ka2 70. Kc3 Ka1 71. Qb2# 1-0

[Event "CYCC U12"]
[Site "Quebec CAN"]
[Date "2018.07.03"]
[Round "4.77"]
[White "Bui, Alan"]
[Black "Chen, Richard"]
[Result "1-0"]
[WhiteElo "1676"]
[BlackElo "1221"]
[PlyCount "105"]
[EventDate "2018.07.02"]
[EventType "swiss"]
[EventRounds "7"]
[EventCountry "CAN"]

1. d4 d5 2. Nf3 Nf6 3. Bf4 g6 4. e3 Bg7 5. c4 c6 6. Be2 O-O 7. O-O Bg4 8. h3
Bxf3 9. Bxf3 Nbd7 10. Nc3 Nb6 11. c5 Nbd7 12. b4 Re8 13. Bh2 e5 14. Qd2 e4 15.
Be2 a6 16. a4 Nf8 17. Rfb1 Ne6 18. b5 axb5 19. axb5 Ra5 20. Qb2 Rxa1 21. Rxa1
Re7 22. bxc6 bxc6 23. Ra6 Qc8 24. Rb6 Nd8 25. Rb8 Qd7 26. Na4 Qe8 27. Qb6 Nd7
28. Rxd8 Nxb6 29. Rxe8+ Rxe8 30. cxb6 Re7 31. Nc5 Bf8 32. b7 Re8 33. b8=Q Rxb8
34. Bxb8 Bxc5 35. dxc5 Kf8 36. Ba6 Ke8 37. Be5 Kd7 38. Bb7 h6 39. Kf1 f5 40.
Ke2 g5 41. g3 h5 42. h4 g4 43. Kd2 Ke6 44. Bf4 Kd7 45. Kc3 Kd8 46. Bxc6 Kc8 47.
Bxd5 Kd7 48. c6+ Kd8 49. c7+ Kc8 50. Be6+ Kb7 51. c8=Q+ Kb6 52. Qc7+ Kb5 53.
Bc4+ 1-0

[Event "CYCC U12"]
[Site "Quebec CAN"]
[Date "2018.07.03"]
[Round "4.80"]
[White "Liu, George"]
[Black "Liu, Harry"]
[Result "0-1"]
[WhiteElo "877"]
[BlackElo "1651"]
[PlyCount "84"]
[EventDate "2018.07.02"]
[EventType "swiss"]
[EventRounds "7"]
[EventCountry "CAN"]

1. e4 c5 2. Nc3 Nc6 3. Nf3 g6 4. d3 Bg7 5. Bd2 d6 6. Be2 Nf6 7. Qc1 h5 8. h3 a6
9. Bg5 b5 10. a3 Bb7 11. Qd2 Qb6 12. Be3 Qc7 13. Rb1 Rc8 14. O-O O-O 15. Rfc1
e6 16. Bf4 Qe7 17. Bg5 Qd7 18. Bf4 d5 19. e5 Ne8 20. Re1 Qc7 21. Bf1 Rd8 22.
Bg3 Bh8 23. b4 cxb4 24. axb4 Ng7 25. d4 Nf5 26. Bh2 Rc8 27. Bd3 Ncxd4 28. Bxf5
Nxf3+ 29. gxf3 Qxc3 30. Qxc3 Rxc3 31. Bd3 Kh7 32. Kg2 Re8 33. Kg3 f6 34. Kh4
Kh6 35. f4 g5+ 36. fxg5+ fxg5+ 37. Kg3 d4 38. f4 gxf4+ 39. Kxf4 Rf8+ 40. Kg3
Rf3+ 41. Kh4 Bd5 42. Be2 Rxh3# 0-1

[Event "CYCC U12"]
[Site "Quebec CAN"]
[Date "2018.07.03"]
[Round "4.81"]
[White "Fedyushchenko, Alexander"]
[Black "Xue, Harry"]
[Result "1-0"]
[WhiteElo "1278"]
[BlackElo "885"]
[PlyCount "51"]
[EventDate "2018.07.02"]
[EventType "swiss"]
[EventRounds "7"]
[EventCountry "CAN"]

1. e4 e5 2. Nf3 Nc6 3. d4 exd4 4. Nxd4 d6 5. Nc3 Nf6 6. h3 g6 7. Bg5 Bg7 8. Bc4
O-O 9. Qd2 Re8 10. O-O a6 11. Rfe1 Ne5 12. Bb3 Be6 13. f4 Ned7 14. Nxe6 fxe6
15. e5 dxe5 16. fxe5 Nxe5 17. Qxd8 Raxd8 18. Rxe5 Rd6 19. Rae1 Kf7 20. Rf1 Rd4
21. Ne4 Rxe4 22. Rxe4 h6 23. Bxf6 Bxf6 24. Ref4 h5 25. Rxf6+ Kg7 26. Bxe6 1-0

[Event "CYCC U12"]
[Site "Quebec CAN"]
[Date "2018.07.03"]
[Round "4.82"]
[White "Wang, Daniel"]
[Black "Kriemadis, Noah"]
[Result "1-0"]
[WhiteElo "1271"]
[BlackElo "771"]
[PlyCount "133"]
[EventDate "2018.07.02"]
[EventType "swiss"]
[EventRounds "7"]
[EventCountry "CAN"]

1. e4 d5 2. exd5 Qxd5 3. Nc3 Qa5 4. Nf3 Nf6 5. Bc4 c6 6. d3 b5 7. Bb3 b4 8. Ne2
Bg4 9. Ng3 Nbd7 10. h3 Bxf3 11. Qxf3 Ne5 12. Qe2 e6 13. Ne4 Nxe4 14. Qxe4 Rc8
15. Bf4 Bd6 16. d4 O-O 17. Bxe5 Bxe5 18. Qxe5 Qxe5+ 19. dxe5 c5 20. c4 bxc3 21.
bxc3 c4 22. Bc2 Rc5 23. f4 g5 24. g3 h6 25. O-O Rd8 26. Rad1 Rcd5 27. Rxd5 Rxd5
28. Rd1 Rb5 29. Rb1 Rd5 30. Rd1 Rb5 31. Rd4 gxf4 32. gxf4 Rb2 33. Rd2 Kg7 34.
Rg2+ Kf8 35. Be4 Rb5 36. Rg4 Rb2 37. Rg2 Rb6 38. Rd2 Ke7 39. Kf2 f5 40. exf6+
Kxf6 41. Ke3 e5 42. fxe5+ Kxe5 43. Rd5+ Ke6 44. Rc5 Ra6 45. Rc6+ Rxc6 46. Bxc6
Kd6 47. Bf3 Kc5 48. Be2 Kd5 49. Kf4 Kc5 50. Ke5 a5 51. a4 Kb6 52. Bxc4 Kc5 53.
Bb5 h5 54. c4 h4 55. Kf4 Kd6 56. Kg4 Ke6 57. Kxh4 Kf6 58. Kg4 Kg6 59. c5 Kg7
60. c6 Kh6 61. c7 Kh7 62. c8=Q Kh6 63. Qe6+ Kg7 64. Qe1 Kh6 65. Qxa5 Kh7 66.
Qe1 Kg7 67. a5 1-0

[Event "CYCC U12"]
[Site "Quebec CAN"]
[Date "2018.07.03"]
[Round "4.83"]
[White "Eirew, David"]
[Black "Ripley, Noah"]
[Result "1-0"]
[WhiteElo "708"]
[BlackElo "1184"]
[PlyCount "103"]
[EventDate "2018.07.02"]
[EventType "swiss"]
[EventRounds "7"]
[EventCountry "CAN"]

1. e4 e5 2. Nf3 Nc6 3. Bc4 Bc5 4. c3 Nf6 5. d4 exd4 6. cxd4 Bb4+ 7. Bd2 Bxd2+
8. Nbxd2 O-O 9. O-O d5 10. exd5 Nxd5 11. a3 Nb6 12. Ba2 Nxd4 13. h3 Nxf3+ 14.
Nxf3 Qxd1 15. Rfxd1 Bf5 16. Rac1 c6 17. Re1 Rfe8 18. Ne5 Be6 19. Bxe6 Rxe6 20.
Nf3 Rae8 21. Rcd1 h6 22. b3 Rxe1+ 23. Rxe1 Rxe1+ 24. Nxe1 f5 25. Kh2 Kf7 26.
Kg3 Ke6 27. Nd3 Nd7 28. Kf4 g5+ 29. Kf3 Kd5 30. g4 fxg4+ 31. Kxg4 Kd4 32. Ne1
Kc3 33. Kh5 Kxb3 34. Kxh6 c5 35. Kxg5 c4 36. h4 c3 37. h5 Ne5 38. h6 Nf7+ 39.
Kg6 Nxh6 40. Kxh6 Kxa3 41. f4 b5 42. f5 b4 43. f6 b3 44. f7 a5 45. f8=Q+ Ka2
46. Qb4 c2 47. Qxa5+ Kb1 48. Qf5 Kb2 49. Nd3+ Kb1 50. Qf1+ Ka2 51. Qc1 b2 52.
Qxb2# 1-0

[Event "CYCC U12"]
[Site "Quebec CAN"]
[Date "2018.07.03"]
[Round "4.84"]
[White "Gaisinsky, Jacob"]
[Black "Odrcich, Evan"]
[Result "1-0"]
[WhiteElo "1058"]
[BlackElo "848"]
[PlyCount "63"]
[EventDate "2018.07.02"]
[EventType "swiss"]
[EventRounds "7"]
[EventCountry "CAN"]

1. e4 e5 2. Nf3 Nc6 3. Bc4 Nf6 4. Ng5 d5 5. exd5 Na5 6. Bb5+ Bd7 7. Bxd7+ Qxd7
8. Qf3 Nxd5 9. d3 h6 10. Ne4 f5 11. Ng3 O-O-O 12. O-O Kb8 13. a3 Qc6 14. b4 Nf4
15. bxa5 Nh3+ 16. Kh1 f4 17. Qxc6 bxc6 18. Ne4 Nxf2+ 19. Rxf2 Be7 20. Nbc3 Bh4
21. g3 fxg3 22. hxg3 Be7 23. Rb1+ Kc8 24. a6 Rhf8 25. Be3 Bg5 26. Bxa7 Kd7 27.
Rxf8 Rxf8 28. Nc5+ Kd6 29. N3e4+ Kd5 30. Rd1 Ra8 31. c4+ Kd4 32. Nb3# 1-0

[Event "CYCC U12"]
[Site "Quebec CAN"]
[Date "2018.07.03"]
[Round "4.85"]
[White "Parent, Etienne"]
[Black "Taylor, Noah"]
[Result "1-0"]
[WhiteElo "1024"]
[BlackElo "756"]
[PlyCount "95"]
[EventDate "2018.07.02"]
[EventType "swiss"]
[EventRounds "7"]
[EventCountry "CAN"]

1. e4 e5 2. Nf3 Qf6 3. d4 Bd6 4. Bg5 Qg6 5. d5 Qxe4+ 6. Be2 Bb4+ 7. c3 Bc5 8.
O-O Ne7 9. Nbd2 Qxd5 10. Nb3 Qe6 11. Nxc5 Qc6 12. Nd3 e4 13. Nb4 Qg6 14. Bxe7
Kxe7 15. Ne5 Qe6 16. Qd4 d6 17. Ng4 c5 18. Nd5+ Kd8 19. Qxg7 Qe8 20. Ngf6 Qf8
21. Qxf8+ Rxf8 22. Nxe4 Be6 23. Bc4 Kd7 24. Ndf6+ Ke7 25. Bxe6 Kxe6 26. Nxh7
Re8 27. Ng3 f6 28. Rae1+ Kf7 29. Rxe8 Kxe8 30. Nxf6+ Kf7 31. Nd5 Nd7 32. Nf5
Re8 33. Nxd6+ Kf8 34. Nxe8 Kxe8 35. Re1+ Kf7 36. Re7+ Kf8 37. Rxd7 b5 38. Rxa7
b4 39. cxb4 cxb4 40. Nxb4 Ke8 41. h4 Kf8 42. h5 Kg8 43. h6 Kh8 44. f4 Kg8 45.
f5 Kh8 46. f6 Kg8 47. h7+ Kf8 48. h8=R# 1-0

[Event "CYCC U12"]
[Site "Quebec CAN"]
[Date "2018.07.03"]
[Round "4.87"]
[White "Desjardins, Alexandre"]
[Black "Tso, Kevin"]
[Result "0-1"]
[WhiteElo "979"]
[BlackElo "634"]
[PlyCount "122"]
[EventDate "2018.07.02"]
[EventType "swiss"]
[EventRounds "7"]
[EventCountry "CAN"]

1. e4 e5 2. Nf3 Nc6 3. Bb5 f6 4. d4 exd4 5. Bxc6 bxc6 6. Nxd4 Bc5 7. Be3 d6 8.
Nxc6 Qd7 9. b4 Bxe3 10. fxe3 Qxc6 11. Nd2 Ne7 12. c4 Qd7 13. e5 fxe5 14. Qf3
Qc6 15. b5 Qxf3 16. Nxf3 O-O 17. Rf1 d5 18. O-O-O Bg4 19. h3 Bxf3 20. gxf3 dxc4
21. f4 Nf5 22. Rde1 exf4 23. Rxf4 Nd6 24. Rxf8+ Rxf8 25. b6 cxb6 26. e4 Rc8 27.
e5 Re8 28. Kd1 Kf7 29. Rf1+ Kg6 30. Re1 Nf7 31. e6 Ng5 32. e7 Nxh3 33. Re6+ Kf7
34. Re3 Rxe7 35. Rxh3 h6 36. Kc2 Rd7 37. Rf3+ Kg6 38. Rg3+ Kf5 39. Rc3 Rc7 40.
Rf3+ Ke4 41. Rc3 b5 42. a3 a5 43. Kd2 b4 44. axb4 axb4 45. Rh3 c3+ 46. Kc2 b3+
47. Kxb3 c2 48. Rh4+ Kf3 49. Rh3+ Kg2 50. Rc3 Rxc3+ 51. Kxc3 c1=Q+ 52. Kb3 Qd2
53. Ka3 Qc1+ 54. Ka2 Qc5 55. Kb1 Qc3 56. Ka2 Qb4 57. Ka1 Kf2 58. Ka2 Ke2 59.
Ka1 Kd2 60. Ka2 Kc2 61. Ka1 Qb2# 0-1